Common Indian Last Names Quiz - Statistics

General Stats
  • This quiz has been taken 3,061 times
  • The average score is 13 of 97
Answer Stats
Answer % Correct
Singh
81%
Khan
64%
Patel
62%
Sharma
58%
Kumar
53%
Gupta
42%
Shah
35%
Agarwal
34%
Bhatt
29%
Varma
28%
Jain
26%
Ray
26%
Reddy
26%
Banerjee
23%
Yadav
23%
Iyer
22%
Patil
22%
Chaudhary
21%
Chopra
21%
Das
21%
Rao
21%
Chatterjee
20%
Mehta
20%
Kohli
19%
Nair
19%
Roy
19%
Pandey
18%
Sinha
17%
Joshi
16%
Thakur
16%
Arora
13%
Dwivedi
13%
Sen
12%
Trivedi
12%
Pal
11%
Shaikh
11%
Bose
10%
Desai
10%
Lal
10%
Menon
10%
Chakraborty
9%
Chaturvedi
9%
Iyengar
9%
Jha
9%
Kulkarni
9%
Naidu
9%
Nayak
9%
Prasad
9%
Chandra
8%
Deshmukh
8%
Ganguli
8%
Rathore
8%
Basu
7%
Jadhav
7%
Swamy
7%
Bhattacharya
6%
Gowda
6%
Rana
6%
Shukla
6%
Subramaniam
5%
Bhosle
4%
Biswas
4%
Fernandes
4%
Kashyap
4%
Meena
4%
Pant
4%
Rawat
4%
Sandhu
4%
Srinivas
4%
Syed
4%
Upadhyay
4%
Brar
3%
Mitra
3%
Parmar
3%
Sarkar
3%
Tomar
3%
Amin
2%
Baghel
2%
Bhatnagar
2%
Gehlot
2%
Kamat
2%
Kothari
2%
Pradhan
2%
Purohit
2%
Shekhawat
2%
Arain
1%
Bargal
1%
Gounder
1%
Holkar
1%
Imamdar
1%
Kabra
1%
Parab
1%
Ranawat
1%
Sisodia
1%
Somani
1%
Usman
1%
Khulbe
0%
No matching quizzes found
Score Distribution
Percent of People with Each Score
Percentile by Number Answered
Your Score History
You have not taken this quiz